Justičná revue časopis pre právnu teóriu a prax

Uložené v:
Podrobná bibliografia
Médium: Seriál
Jazyk:Slovak
Vydavateľské údaje: Bratislava Ministerstvo spravodlivosti SR 2025
Tagy: Pridať tag
Žiadne tagy, Buďte prvý, kto otaguje tento záznam!

MARC

LEADER 00000nas2a2200000 4500
001 0313669
005 20251217092630.7
022 |a 1335-6461 
041 0 |a slo 
044 |a SK 
245 1 0 |a Justičná revue  |b časopis pre právnu teóriu a prax 
264 1 |a Bratislava  |b Ministerstvo spravodlivosti SR  |c 2025 
773 0 |w eu_un_cat*0004743